000 01555nam a2200397 a 4500
008 110706t1995 ag al. f |||| 001 0 spa d
020 _a9500615177
041 _aspa
092 _c616.3
_l58
_sNYH
100 1 _aNyhus, Lloyd M.
_93254
245 _aDolor abdominal.
_bGuía para el diagnóstico rápido /
_cLloyd M. Nyhus
250 _a1a ed.
_bTraducción Nora G. Meeroff
260 _aBuenos Aires:
_bEditorial Médica Panamericana;
_c1994.
300 _a270 p.
500 _aNyhus, L. M., Vitello, J. M. y Condon, R. E. (Col.). (1994). Dolor abdominal. Guía para el diagnóstico rápido. (1a ed.). Buenos Aires : Editorial Médica Panamericana.
653 _aSíntomas y su significado
653 _aExamen físico del abdomen
653 _aLaparoscopia como auxiliar del diagnóstico
653 _aInvestigaciones auxiliares de urgencia
653 _aApendicitis
653 _aPatología de la vía biliar
653 _aPancreatitis
653 _aDiverticulitis
653 _aVíscera perforada
653 _aObstrucción intestinal
653 _aIsquemia mesentérica
653 _aEvaluación de los traumatismos abdominales
653 _aDolor abdominal en el niño
653 _aDolor pelviano agudo en la mujer
653 _aDolor abdominal en el paciente inmunocomprometido
653 _aCausas no quirúrgicas de dolor abdominal
653 _aManejo clínico del dolor abdominal cuando el diagnóstico es dudoso
700 1 _aVitello, Joseph M.
_93255
700 1 _aCondon, Robert E.
_93256
942 _2ddc
_cBK
999 _c2427
_d2427